Statistics for Red NCAA Logos

Click here to take the quiz!

General Stats

  • This quiz has been taken 133 times
  • The average score is 15 of 16

Answer Stats

Answer% Correct
Alabama
100%
Wisconsin
100%
Minnesota
99%
Nebraska
99%
Maryland
98%
Stanford
98%
Harvard
97%
Rutgers
97%
Oklahoma
96%
Houston
94%
Indiana
94%
Mississippi State
92%
Ohio State
92%
USC
91%
Temple
90%
Youngstown State
48%

Score Distribution

Percentile by Number Answered

Percent of People with Each Score

Your Score History

You have not taken this quiz